00269nam a2200121Ia 4500008004100000082001400041100001600055245001500071250000800086260002200094300001000116650002100126150201s2012 xx 000 0 und d a612bP12B aBASAK, A.K. aPHYSIOLOGY a1ST bNCBAaDELHIc2012 a1-410 aHUMAN PHYSIOLOGY